000 00298nam a22001217a 4500
041 _aENG
100 _aDr. Pramod Koparkar
245 _aC-Dac Entrance Guide
_cDr. Pramod Koparkar
260 _aPune
_bVision Publication
_c1999
300 _a345p.
500 _aC-Dac Entrance Guide
650 _aCdac;Computer
999 _c1
_d1